Overcoming isolation : information and transportation networks in development strategies for peripheral areas

Αποθηκεύτηκε σε:
Λεπτομέρειες βιβλιογραφικής εγγραφής
Άλλοι συγγραφείς: Nijkamp, Peter (Επιμελητής έκδοσης), Κοκκώσης, Χαράλαμπος 1950- (Επιμελητής έκδοσης)
Μορφή: Βιβλίο
Γλώσσα:English
Δημοσίευση: Berlin : Springer, 1995
Σειρά:Advances in spatial science
Θέματα:
Ετικέτες: Προσθήκη ετικέτας
Δεν υπάρχουν, Καταχωρήστε ετικέτα πρώτοι!

MARC

LEADER 00000nam a2200000 i 4500
001 1/4690
008 960507s1995 eng d
020 |a 3-540-59423-X 
035 |l 10015727 
040 |a GR-MY-UA  |b gre  |e aacr 
041 0 |a eng 
082 0 |a 388 
245 1 0 |a Overcoming isolation :  |b information and transportation networks in development strategies for peripheral areas /  |c Edited by Harry Coccossis; Peter Nijkamp 
260 |a Berlin :   |b Springer,   |c 1995 
300 |a 272 p.  |b fig. 
490 1 |a Advances in spatial science 
504 |a Includes index 
650 0 0 |a Telecommunication  |z European Union countries. 
650 0 0 |a Information technology  |z European Union countries. 
650 0 0 |a Transportation  |z European Union countries. 
651 0 |a European Economic Community countries  |x Economic conditions  |x Regional disparities. 
700 1 |a Nijkamp, Peter.  |4 edt 
700 1 |4 edt  |a Κοκκώσης, Χαράλαμπος  |d 1950- 
830 0 |a Advances in spatial science 
852 |a INST  |b LESVOS  |e 19960507  |h 388 OVE  |p 005100010007  |q 005100010007  |t BK  |y 0 
909 |a Λ  |b 044837 
922 |a 1ΕΛΗ  |b 199512  |c ΚΟΚΚΩΣΗΣ  |d ΚΩΣΤΑΡΑΚΗΣ 
950 |a 015/1995-10-24